Central Library OPAC University of Rajshahi

বিপাক ও পুষ্টিবিজ্ঞান / (Record no. 70933)

MARC details
000 -LEADER
fixed length control field 00899nam a2200241 a 4500
001 - CONTROL NUMBER
control field 70933
003 - CONTROL NUMBER IDENTIFIER
rucl marc code BD-RjUL
005 - DATE AND TIME OF LATEST TRANSACTION
control field 20211209082045.0
008 - FIXED-LENGTH DATA ELEMENTS--GENERAL INFORMATION
fixed length control field 170423s1988 bg a|||| |||| 000 0 ben d
020 ## - INTERNATIONAL STANDARD BOOK NUMBER
Terms of availability : Tk. 120.00
035 ## - SYSTEM CONTROL NUMBER
System control number (BD-RjUL)71147
040 ## - CATALOGING SOURCE
Original cataloging agency BD-RjUL
Language of cataloging ben
Transcribing agency BD-RjUL
Modifying agency BD-RjUL
041 ## - LANGUAGE CODE
Language code of text/sound track or separate title ben
082 ## - DEWEY DECIMAL CLASSIFICATION NUMBER
Edition number 23
Classification number 612.39
Author mark and year RAB 1988
100 1# - MAIN ENTRY--PERSONAL NAME
Personal name রহমান, সৈয়দা হালিমা
9 (RLIN) 209910
245 10 - TITLE STATEMENT
Title বিপাক ও পুষ্টিবিজ্ঞান /
Statement of responsibility, etc. সৈয়দা হালিমা রহমান
260 ## - PUBLICATION, DISTRIBUTION, ETC. (IMPRINT)
Place of publication, distribution, etc. ঢাকা :
Name of publisher, distributor, etc. বাংলা একাডেমী,
Date of publication, distribution, etc. ১৯৮৮ ১৩৯৫]
300 ## - PHYSICAL DESCRIPTION
Pagination ৩০৭ পৃ. :
Illustrations চিত্র. ;
Size ৩২ সেমি.
504 ## - BIBLIOGRAPHY, ETC. NOTE
Bibliography, etc গ্রন্থপঞ্জি সংযুক্ত
650 ## - SUBJECT ADDED ENTRY--TOPICAL TERM
Topical term or geographic name as entry element বিপাক
9 (RLIN) 209918
Topical term or geographic name as entry element Metabolism
9 (RLIN) 209919
942 ## - ADDED ENTRY ELEMENTS (KOHA)
Source of classification or shelving scheme Dewey Decimal Classification
Koha item type Books
Holdings
Lost status Source of classification or shelving scheme Damaged status Not for loan Collection code Permanent Location Current Location Shelving location Date acquired Source of acquisition Cost, normal purchase price Total Checkouts Full call number Date last seen Copy number Koha item type
  Dewey Decimal Classification   Not For Loan Non-fiction Central Library, University of Rajshahi Central Library, University of Rajshahi Reading Room 01/03/1990 Bangla Academi, Dhaka 130.00   B 612.39 RAB 1988 23/04/2017 C-1 Books
  Dewey Decimal Classification     Non-fiction Central Library, University of Rajshahi Central Library, University of Rajshahi   10/02/1990 Author     B 612.39 RAB 1988 30/04/2017 C-2 Books